Nové trendy v oblasti potravinárskych výrobkov diplomová práca

Na minha lista:
Detalhes bibliográficos
Autor principal: Pompošová, Lucia
Autor Corporativo: Obchodná fakulta EU. Katedra tovaroznalectva a kvality tovaru
Outros Autores: Lacková, Alica
Formato: Livro
Idioma:eslovaco
Publicado em: Bratislava 2017
Tags: Adicionar Tag
Sem tags, seja o primeiro a adicionar uma tag!

MARC

LEADER 00000nbm a2200000 4500
001 0230751
005 20171005104117.8
041 0 |a slo 
044 |a SK 
245 1 0 |a Nové trendy v oblasti potravinárskych výrobkov  |b diplomová práca  |c Lucia Pompošová ; školiteľ: Alica Lacková 
264 1 |a Bratislava  |c 2017 
300 |a 63 s. 
100 1 |a Pompošová, Lucia 
700 1 |a Lacková, Alica 
710 2 |a Obchodná fakulta EU. Katedra tovaroznalectva a kvality tovaru